000 00440nam a2200181Ia 4500
001 8332
005 20260306160601.0
008 260306t2011||||xx |||||||||||||| ||spa||
041 _aESP
082 _a370.157
_bC78
100 _aCorradini, Matteo
_eAUT
245 0 _aCrear:
_bcómo se desarrolla una mente creativa
260 _c2011
300 _a106 páginas :
_c24 cm.
650 _aGEN
654 _aCED
942 _cLIB
_dJUS
_fJUS
_2ddc
_n
999 _c8332
_d8332